| 000 | 00429nam a2200157Ia 4500 | ||
|---|---|---|---|
| 008 | 230718s9999 xx 000 0 und d | ||
| 041 | _aeng | ||
| 082 |
_a620.1 _bKHU |
||
| 100 |
_aKhurmi R.S. _9141538 |
||
| 245 | _aTextbook Of Applied Mechanics In SI Units | ||
| 260 |
_c2009 _bS. Chand |
||
| 300 | _a346 | ||
| 365 |
_cRs. _b130.00 |
||
| 700 |
_aKhurmi R.S. _9141538 |
||
| 906 |
_dO:0021831-Aug-2009B:217124-Jul-2009 _cSS _b110.5 |
||
| 999 |
_c322122 _d322122 |
||